Mankind: A Monthly (Record no. 225048)
[ view plain ]
| 000 -LEADER | |
|---|---|
| fixed length control field | 00669nam a22002417a 4500 |
| 005 - DATE AND TIME OF LATEST TRANSACTION | |
| control field | 20221107153114.0 |
| 008 - FIXED-LENGTH DATA ELEMENTS--GENERAL INFORMATION | |
| fixed length control field | 221107b ||||| |||| 00| 0 eng d |
| 040 ## - CATALOGING SOURCE | |
| Transcribing agency | AL |
| 041 ## - LANGUAGE CODE | |
| Language code of text/sound track or separate title | English |
| 082 ## - DEWEY DECIMAL CLASSIFICATION NUMBER | |
| Edition number | 23 |
| Classification number | 572.05 |
| Item number | LOHM |
| 100 ## - MAIN ENTRY--PERSONAL NAME | |
| Personal name | Rammanohar Lohia |
| 100 ## - MAIN ENTRY--PERSONAL NAME | |
| 9 (RLIN) | 61265 |
| 245 ## - TITLE STATEMENT | |
| Title | Mankind: A Monthly |
| 260 ## - PUBLICATION, DISTRIBUTION, ETC. | |
| Place of publication, distribution, etc. | Hyderabad |
| Name of publisher, distributor, etc. | Socialist Party |
| Date of publication, distribution, etc. | 1956 |
| 300 ## - PHYSICAL DESCRIPTION | |
| Extent | 1176 p. |
| Other physical details | HB |
| Dimensions | 24.5x16.5 cm. |
| 440 ## - SERIES STATEMENT/ADDED ENTRY--TITLE | |
| Title | Vol.1 No.2 September 1956 |
| 9 (RLIN) | 61266 |
| 650 ## - SUBJECT ADDED ENTRY--TOPICAL TERM | |
| Topical term or geographic name entry element | Marxism |
| 9 (RLIN) | 61267 |
| 650 ## - SUBJECT ADDED ENTRY--TOPICAL TERM | |
| Topical term or geographic name entry element | Internationalism |
| 9 (RLIN) | 61268 |
| 650 ## - SUBJECT ADDED ENTRY--TOPICAL TERM | |
| Topical term or geographic name entry element | Socialism |
| 9 (RLIN) | 61269 |
| 650 ## - SUBJECT ADDED ENTRY--TOPICAL TERM | |
| Topical term or geographic name entry element | Democracy |
| 9 (RLIN) | 61270 |
| 650 ## - SUBJECT ADDED ENTRY--TOPICAL TERM | |
| Topical term or geographic name entry element | Equality |
| 9 (RLIN) | 61271 |
| 700 ## - ADDED ENTRY--PERSONAL NAME | |
| Personal name | LOHIA (Rammanohar) Ed |
| 9 (RLIN) | 61272 |
| 942 ## - ADDED ENTRY ELEMENTS (KOHA) | |
| Source of classification or shelving scheme | Dewey Decimal Classification |
| Koha item type | George Fernandes Collections |
| Withdrawn status | Lost status | Source of classification or shelving scheme | Damaged status | Not for loan | Collection code | Home library | Current library | Date acquired | Total Checkouts | Full call number | Barcode | Date last seen | Price effective from | Koha item type |
|---|---|---|---|---|---|---|---|---|---|---|---|---|---|---|
| Dewey Decimal Classification | General | St Aloysius Library | St Aloysius Library | 03/23/2013 | 572.05 LOHM | GF01412 | 11/07/2022 | 11/07/2022 | George Fernandes Collections |